000 00550nam a22001817a 4500
999 _c11791
_d11791
003 AR-CdUCM
008 190405b ||||| |||| 00| 0 spa d
040 _aMUNICIPALIDAD PROVINCIAL DEL CUSCO
_cBIBLIOTECA MUNICIPAL DEL CUSCO
082 _a869.62 /
_bS55 / 1962
100 _aSilva, Jose Felix
_926123
245 _aEl monólogo de Job /
260 _aQuito /
_bJacinto de Evia,
_c1962.
300 _a31 páginas ;
_c16 cm.
650 _aPoesía.
_9139
650 _aPoesía Ecuatoriana.
_929337
942 _2ddc
_cLIBROS
945 _awfj
_d2019-04-05